00869 2200313 4500001002100000005001500021035002000036007000300056008004100059020002200100040002200122082001700144084001900161090002300180090002200203100002900225245005400254250003100308300002800339650002000367850001200387041000800399264003200407264002000439336002100459337003000480338002300510990002200533INLIS00000000084745120190517093052 a0010-0519000786ta190517t2018 yoi d f ind c a978-602-475-478-5 aYOPDYOGbinderda04223a899.2213 a899.2213 WUL g aDEP 899.2213 WUL g aCB-D.11 2018-23330 aWulan Purbasariepenulis10aGue cuma butuh Allah! /cpenulis, Wulan Purbasari aCetakan Pertama, Juli 2018 ax, 129 halaman ;c19 cm 4aFiksi Indonesia aYOPDYOG0 aind31aSleman :bDeepublish,c2018 4a© 2018 penulis 2rdacontentateks 2rdamediaatanpa perantara 2rdacarrieravolume aCB-D.11/2018-2333